000 02061nam a22003497a 4500
003 DO-SdBNP
005 20211026145823.0
007 ta
008 210708e2018 dr ||||er|||| 00| pdspa d
020 _a9789945890068
040 _aDO-SdBNP
_bspa
_cBNPHU
041 _hspa
082 4 _aRD861.08
_bD812f 2018
_222
100 1 _aDuarte Camilo, Ismael,
_d1925-
_979141
245 1 3 _aEl fin de la espera /
_cIsmael Durte Camilo Augusto Daurte Camilo, Fara Emilia Duarte ; edición y prólogo Fari Rosario.
250 _a2a. ed.
260 _aSanto Domingo :
_bFlor de Tierra,
_c2018.
300 _a72 p. ;
_c22 cm.
500 _aPoemario de la familia Duarte.
500 _aIncluye datos biográficos de los autores en solapas de la cubierta.
505 0 0 _gPrimera parte.
_tPoemas de Ismael Duarte.--
_tTu partida.--
_tEl espejo de tu cara.--
_tPerdóname.--
_tEl último adiós.--
_tUn paraíso olvidado.--
_tMadre.--
_tCanto a Laguna de Coto.--
_tMi hermana preferida.--
_tAdela Duarte (acróstico).--
_tPoema a Indhira Daurte.--
_tMatthew.--
_tCatalina (acróstico).--
_tFelicidad (dedicada a la señora Amarante).--
_tSueño.--
_tTraición
_tNairovy (acróstico).--
_tEl poder.--
_tEl lamento de una madre.--
_tIgualdad.--
_tverdades.--
_tLotería.--
_t!E' p'alante que vamos¡.--
_tLos banqueros.--
_tLa heroína de Connecticut (acróstico).--
_tSonia Silvestre.--
_talci de la Rpsa (acróstico).--
_tCobardía.--
_tMi último poema.
505 0 0 _gSegunda parte.
_tPoemas de Augusto Duarte.--
_tSendas sin destino.--
_tDomingo triste.--
_tLágrimas.--
_tOcaso.--
_tTú.--
_tEl lamento de un amor.--
_tEspesa sombra.--
_tDeseo de amarte.--
_tYo soy.--
_tDespojo.
505 0 0 _aTercera parte.
_tPoema de Fara Duarte.--
_tIncondicional.
590 _aInventariado 2021 / MF
650 4 _aPoesía dominicana
_980353
650 4 _aLiteratura dominicana
_980354
700 1 _aDuarte Camilo, Augusto
_980348
_d1925-
700 1 _aDuarte, Fara Emilia
_980349
700 1 _914871
_aRosario, Fari,
_d1981-
_eedición y prólogo
910 _aValidado. Control de calidad MFF
942 _2ddc
_cLBS1
999 _c50069
_d50069